Statistisches Jahrbuch der Schweiz 1989

Na minha lista:
Detalhes bibliográficos
Formato: Livro
Idioma:alemão
Publicado em: Zürich Neue Zürcher Zeitung 1988
Edição:1. Aufl.
Tags: Adicionar Tag
Sem tags, seja o primeiro a adicionar uma tag!

MARC

LEADER 00000nam a2200000 4500
001 c024486
005 20221206134552.8
041 0 |a ger 
044 |a CH 
245 1 0 |a Statistisches Jahrbuch der Schweiz 1989 
250 |a 1. Aufl. 
264 1 |a Zürich  |b Neue Zürcher Zeitung  |c 1988 
300 |a 371 s.